Normal view
MARC view
- Anjum, Wakeel
Entry Personal Name
001 - CONTROL NUMBER
- control field: 12962
003 - CONTROL NUMBER IDENTIFIER
- control field: NUST
005 - DATE AND TIME OF LATEST TRANSACTION
- control field: 20190104061104.0
008 - FIXED-LENGTH DATA ELEMENTS
- fixed length control field: 190104|| aca||aabn | a|a d
040 ## - CATALOGING SOURCE
- Original cataloging agency: NUST
- Transcribing agency: NUST
100 ## - HEADING--PERSONAL NAME
- Personal name: Anjum, Wakeel
670 ## - SOURCE DATA FOUND
- Source citation: Work cat.: (NUST): Anjum, Wakeel, Siyassat K Farhoon /, 1992.
